| 000 | 00000nam 2200000za 4500 |
| 001 | 9.613075 |
| 003 | CaOODSP |
| 005 | 20250219111402 |
| 007 | ta |
| 008 | 150406|1996||||xxc||||| f|0| 0 eng d |
| 020 | |a0-662-24670-5 |
| 022 | |a1205-1616 |
| 040 | |aCaOODSP|beng |
| 043 | |an-cn--- |
| 086 | 1 |aR71-49/4-4E |
| 110 | 2 |aNorthern River Basins Study (Canada). |
| 245 | 10|aNutrient enrichment in the Peace, Athabasca and Slave rivers : |bassessment of present conditions and future trends / |cby P. A. Chambers. |
| 260 | |aEdmonton - Alberta : |bNorthern River Basins Study |c1996. |
| 300 | |aix, 107p. : |bfigs., graphs, references, tables ; |c28 cm. |
| 490 | 1 |aSynthesis report|x1205-1616|vNo. 4 |
| 500 | |a"The aim of this report is to address the Northern River Basins Study (NRBS) question: "Are the substances added to the rivers by natural and man-made discharges likely to cause deterioration of the water quality?" In this report, the word "substances" is taken to mean nutrients or, more specifically, nitrogen and phosphorus."--Introduction. |
| 520 | 3 |aThe aim of this report is to address the Northern River Basins Study (NRBS) question: Are the substances added to the rivers by natural and man-made discharges likely to cause deterioration of the water quality? In this report, the word substances is taken to mean nutrients or, more specifically, nitrogen and phosphorus.--Introduction |
| 563 | |aSoftcover |
| 590 | |a96-29|b1996-07-19 |
| 690 | 07|aWater quality|2gcpds |
| 720 | 1 |aChambers, P. A. |
| 776 | 0#|tNutrient enrichment in the Peace, Athabasca and Slave Rivers : |w(CaOODSP)9.945754 |
| 830 | #0|aSynthesis report,|x1205-1616|vNo. 4|w(CaOODSP)9.514882 |